000 01083pam a2200193 a 4500
999 _c4364
_d4364
020 _a0070410178 (alk. paper)
022 _a9780070410176
050 0 0 _aBF204.5
_b.S35
100 1 _aSchneider, Kirk J.
245 1 4 _aThe psychology of existence :
_ban integrative, clinical perspective /
_cKirk J. Schneider, Rollo May.
260 _aNew York :
_bMcGraw-Hill,
_cc1995.
300 _axix, 330 p. ;
_c23 cm.
500 _aIncludes bibliographical references and index
505 _aPART ONE: HISTORICAL ROOTS OF EXISTENTIAL-INTEGRATIVE PSYCHOLOGYCHAPTER 1: Literary RootsCHAPTER 2: Philosophical RootsCHAPTER 3: Psychological RootsPART TWO: RECENT AND FUTURE TRENDS IN EXISTENTIAL-INTEGRATIVE PSYCHOLOGYCHAPTER 4: From Segregation to IntegrationPART THREE: THERAPEUTIC APPLICATIONS OF EXISTENTIAL-INTEGRATIVE PSYCHOLOGYCHAPTER 5: Guidelines for an Existential-Integrative (EI) ApproachCHAPTER 6: Case Illustrations of Experiential LiberationSummary and Conclusion
650 0 _aExistential psychology.
650 0 _aExistential psychotherapy.
700 1 _aMay, Rollo.
942 _cBK